00596nam a2200181Ia 4500003000900000008004100009040001600050080001600066100002000082245008600102260004800188300002300236650002200259650002200281942000700303999001300310952009100323IN-BaIIA211028s9999 xx 000 0 eng d cIIA Library a083:52bCRU aCruls, L.91329 0aMethodo para determinar as horas das occultacoes de estrellas pele luacL. Cruls  aRio de JaneirobTypographia Leuzingerc1899 a[various pagings.] aAstrophysics9794 aOccultations9943 cBK c605d605 00104070aBANbBANcGENd0000-00-00l0o083:52/ CRUp626r2021-11-05w0000-00-00yBK